000 00295nam a22001337a 4500
008 170601b xxu||||| |||| 00| 0 eng d
020 _a9780618370412
041 _aeng
080 _25TH
_a94(100)
100 _a17
101 _aSHH
245 _aTHE HUMAN RECORD
_cANDREA,J.A
942 _2udc
_cBK
999 _c15463
_d15463